| 000 | 00355 a2200157 4500 | ||
|---|---|---|---|
| 001 | 188331 | ||
| 020 | _a85-902787-1-9 | ||
| 040 | _cMagnum | ||
| 100 | _aNeves, Elza Aguiar | ||
| 240 | 1 | 0 |
_aSob o céu de casa branca _lpor |
| 245 | 1 | 0 | _aSob o céu de casa branca |
| 300 | _a60 | ||
| 362 | 0 | _a2002 | |
| 697 | _aLITERATURA INFANTO-JUVENIL | ||
| 942 | _cBK | ||
| 999 |
_c188331 _d188331 |
||